THE FAMILY AND THE NATION (Record no. 5539)
[ view plain ]
| 000 -LEADER | |
|---|---|
| fixed length control field | 00280nam a22001217a 4500 |
| 082 ## - DEWEY DECIMAL CLASSIFICATION NUMBER | |
| Classification number | 150 |
| Item number | APJ/F |
| 100 ## - MAIN ENTRY--AUTHOR NAME | |
| Personal name | ABDULKALAM,APJ |
| 245 ## - TITLE STATEMENT | |
| Title | THE FAMILY AND THE NATION |
| 260 ## - PUBLICATION, DISTRIBUTION, ETC. (IMPRINT) | |
| Place of publication | INDIA |
| Name of publisher | HARPERCOLLINS PUBLISHERS |
| 300 ## - PHYSICAL DESCRIPTION | |
| Number of Pages | 211 |
| 650 ## - SUBJECT ADDED ENTRY--TOPICAL TERM | |
| Topical Term | HISTORY OF INDIA |
| Geographic subdivision | INDIA |
| 942 ## - ADDED ENTRY ELEMENTS (KOHA) | |
| Koha item type | Books |
| Withdrawn status | Lost status | Collection code | Home library | Current library | Shelving location | Date acquired | Source of acquisition | Full call number | Accession Number | Koha item type |
|---|---|---|---|---|---|---|---|---|---|---|
| Non-fiction | Main Library | Main Library | SHELF-17-I-BIOGRAPHIES & AUTOBIOGRAPHIES | 30/11/2015 | PURCHASE | 150 APJ/F | 09591 | Books |